000 00596nam a22001817a 4500
999 _c13014
_d13014
003 AR-CdUCM
008 190410b ||||| |||| 00| 0 spa d
040 _aMUNICIPALIDAD PROVINCIAL DEL CUSCO
_cBIBLIOTECA MUNICIPAL DEL CUSCO
082 _a371.33 /
_bE31
100 _aEgusquiza Ramirez, Aquiles
_95247
245 _aEl drama Apocalíptica del maestro /
_bTragedia en dos actos /
260 _aLima :
_bEdit. Universitaria de la UNE,
_c2002.
300 _a150 paginas ;
_c21 cm.
505 _aContenido : Teatro /
650 _aTeatro
_9173
942 _2ddc
_cLIBROS
945 _arjall
_d2019-04-10